01027cam a2200277 i 45000010008000000030005000080050017000130080041000300100017000710200018000880400018001060420009001240430012001330500016001450820013001611000021001742450059001952600039002543000028002935200133003216500067004546500014005216510025005358560085005608560104006451271242SISC20160601150236.0750328s1975 maua j 000 0 eng  a 75009964  a9780395321218 aDLCcDLCdDLC alcac af-ua---00aDT 63b.M2500a690/.6/81 aMacaulay, David.10aPyramid /cDavid Macaulay ; illustrated by the author. aBoston :bHoughton Mifflin,c1975. a80 p. :bill. ;c32 cm. aText and black-and-white illustrations follow the intricate step-by-step process of the building of an ancient Egyptian pyramid. 0aPyramidszEgyptxDesign and constructionxJuvenile literature. 1aPyramids. 1aEgyptxCivilization.423Publisher descriptionuhttp://www.loc.gov/catdir/description/hm021/75009964.html423Contributor biographical informationuhttp://www.loc.gov/catdir/enhancements/fy0735/75009964-b.html